000 004600000a22001810004500
003 MACL
005 20150714124132.0
008 150714b xxu||||| |||| 00| 0 eng d
040 _aMACL
_cMACL
041 _aEnglish
082 _a320.6/SIN
100 _aSingh, S.N.
_91993
245 _aReservation Policy for Backward Classes
260 _bRawat Publications
_c1996
_aNew Delhi
350 _a450
650 _aPolitical science
_988
942 _cBK
_k320.6
_2ddc
999 _c2815
_d2815